Normal view
MARC view
Entry Personal Name
001 - CONTROL NUMBER
- control field: 504
003 - CONTROL NUMBER IDENTIFIER
- control field: BD-RjUL
005 - DATE AND TIME OF LATEST TRANSACTION
- control field: 20220104123813.0
008 - FIXED-LENGTH DATA ELEMENTS
- fixed length control field: 220104|| aca||aabn | a|a d
040 ## - CATALOGING SOURCE
- Original cataloging agency: BD-RjUL
- Transcribing agency: BD-RjUL
100 ## - HEADING--PERSONAL NAME
- Personal name: Suyūṭī, Jamal
- Dates associated with a name: 1445-1505
670 ## - SOURCE DATA FOUND
- Source citation: Work cat.: (BD-RjUL)77811: سليمان الجمل ;; (Jamal, Sulaymān ) 1789 or 1790 243713, حاشية على الجلالين: المسماة بالفتوحات الإلهية بتوضيح تفسير الجلالين للدقائق الخفية ;; Ḥāshiyah ʻalá al-jalālayn : al-musammāt bi-al-al-Futūḥāt al-ilāhīyah bi-tawdīh Tafsīr al-Jalālayn lil-daqāʼiq al-khafīyah / , [1996]?